| 000 | 00680nam a2200217 i 4500 | ||
|---|---|---|---|
| 001 | 7198 | ||
| 003 | ES-MaACL | ||
| 005 | 20240314063020.0 | ||
| 007 | t| | ||
| 008 | 901008s1989 ag ||||1| spa d | ||
| 020 | _a950-15-0964-8 | ||
| 080 | _a9(32)"-1290/-1224" | ||
| 080 | _a92 Ramses(32)II | ||
| 100 | 1 |
_aVandenberg, Philipp, _d1941- _9113054 |
|
| 245 | 1 | 0 |
_aRamsés el Grande / _cPhilipp Vandenberg. |
| 260 |
_aBuenos Aires : _bJavier Vergara, _c1989. |
||
| 300 |
_a359 p., [16] p. de lam. : _bil. ; _c22 cm. |
||
| 600 | 1 | 4 |
_aRamsés _bII _cFaraón de Egipto- _xBiografías. _995378 |
| 852 |
_aES-MaACL _jL-14427 _bR.118284 _z. - rust. |
||
| 999 |
_c7198 _d7198 |
||